| 000 | 00662nam a2200229Ia 4500 | ||
|---|---|---|---|
| 003 | BUBTL | ||
| 008 | 151213s9999 xx 000 0 und d | ||
| 082 | _a347.06/ M7444l/ 2020 | ||
| 100 |
_aMonir, M. _93879 |
||
| 245 |
_aLaw of Evidence / _cM. Monir, H.S. Ursekar |
||
| 250 | _a9th Edn. | ||
| 260 |
_aAllahabad: _bLegal Classics From UBA _cc2002 |
||
| 300 |
_axxii, 1102 p .: _b20 cm. |
||
| 500 | _aIncludes Index. | ||
| 505 | _aLaw of Evidence, M. Monir, H.S. Ursekar, Law | ||
| 650 |
_aLaw _93880 |
||
| 650 |
_aLaw _93880 |
||
| 700 |
_aUrsekar, H.S _94564 |
||
| 856 |
_k0 _l0 _yDownload |
||
| 942 |
_2ddc _cBK |
||
| 999 |
_c6703 _d6703 |
||